000 00714nam a2200265Ia 4500
003 SMC
005 20160630125450.0
008 160303s9999 xx 000 0 und d
020 _a971-08-6146-8
050 _aFIL HB 71
050 _b.E26 2001
245 _aEconomics, society and development :
_ba textbook in economics /
245 _cPatrick Alain Azanza… [et al]
260 _aMandaluyong:
260 _bNational Book Store,
260 _c2001
300 _a341 pages :
300 _billustrations ;
300 _c23 cm.
500 _aIncludes bibliographical references.
650 _aEconomic development --
650 _aEconomics.
650 _xSocial aspects.
942 _2lcc
_cBK
999 _c291405
_d291405